| 000 | 00634nam a2200193Ia 4500 | ||
|---|---|---|---|
| 001 | 23798 | ||
| 003 | GE_BSU | ||
| 008 | 181216s||||||||xx |||||||||||||| ||und|| | ||
| 040 | _cGE_BSU | ||
| 245 | _aГеография и природные ресурсы. №3. июль-сентябрь. 2018 | ||
| 245 | _cГл. ред. В.М.Плюснин. | ||
| 260 | _aНовосибирск | ||
| 260 | _c2018г | ||
| 300 | _a200с;28см; | ||
| 653 | _aГеография и природные ресурсы. №3. июль-сентябрь. 2018 | ||
| 653 | _aПериодика | ||
| 653 | _aპერიოდიკა | ||
| 942 | _cCR | ||
| 999 |
_c56676 _d56676 |
||